Estatísticas para Mapa mundial vazio sem 20 países aleatórios

Clique aqui para jogar o quiz

Estatísticas Gerais

  • Esse quiz foi jogado 116 vezes
  • A pontuação média é 15 de 20

Respostas no mapa

Respostas codificadas por cores de uma escala verde-vermelha no mapa do quiz de acordo com a % correta abaixo.
 

Estatísticas das Respostas

país% Correto
África do Sul
100%
Alemanha
100%
Angola
100%
Argélia
100%
Argentina
100%
Austrália
100%
Benim
100%
Bolívia
100%
Brasil
100%
Canadá
100%
Chéquia
100%
Colômbia
100%
Costa Rica
100%
Equador
100%
Espanha
100%
Estados Unidos
100%
Etiópia
100%
França
100%
Guatemala
100%
Honduras
100%
Hungria
100%
Índia
100%
Itália
100%
Japão
100%
México
100%
Nepal
100%
Nicarágua
100%
Nigéria
100%
Panamá
100%
Paquistão
100%
Paraguai
100%
Peru
100%
Rep Dem do Congo
100%
República Centro-Africana
100%
Rússia
100%
Somália
100%
Sudão
100%
Sudão do Sul
100%
Suriname
100%
Turquia
100%
Venezuela
100%
Zâmbia
100%
Zimbábue
100%
Indonésia
92%
Madagáscar
92%
Bielorrússia
91%
China
91%
Moçambique
91%
Arábia Saudita
90%
Cazaquistão
90%
Iémen
90%
Mauritânia
90%
Níger
90%
Marrocos
89%
Reino Unido
89%
Sérvia
89%
Congo
88%
Macedónia do Norte
88%
Quirguistão
88%
Gabão
86%
Grécia
86%
Islândia
86%
Mali
86%
Tailândia
86%
Tajiquistão
86%
Afeganistão
83%
Romênia
83%
Suíça
83%
Tanzânia
83%
Uruguai
83%
Egito
82%
Malawi
82%
Bósnia e Herzegovina
80%
Bulgária
80%
Côte d'Ivoire
80%
Dinamarca
80%
Irão
80%
Líbia
80%
Papua Nova Guiné
80%
Senegal
80%
Áustria
78%
Burkina Faso
78%
Coreia do Norte
78%
Mongólia
78%
Sri Lanka
78%
Guiné
75%
Kosovo
75%
Noruega
75%
Nova Zelândia
75%
Suécia
75%
Togo
75%
Bangladesh
73%
Serra Leoa
73%
Chile
71%
Namíbia
71%
Quênia
71%
Taiwan
70%
Tunísia
70%
Birmânia
67%
Chade
67%
Coreia do Sul
67%
Eritreia
67%
Lituânia
67%
Omã
67%
Portugal
67%
Turquemenistão
67%
Uganda
67%
Uzbequistão
67%
Eslovénia
63%
Guiana
63%
Iraque
63%
Países Baixos
63%
Polônia
63%
República Dominicana
63%
Bélgica
62%
Camboja
60%
Cuba
60%
Guiné Equatorial
60%
Laos
60%
Gana
57%
Finlândia
56%
Israel
56%
Moldávia
55%
Armênia
50%
Botswana
50%
Croácia
50%
Haiti
50%
Libéria
50%
Ucrânia
50%
El Salvador
45%
Malásia
44%
Vietname
44%
Azerbaijão
43%
Camarões
43%
Eslováquia
43%
Guiné-Bissau
43%
Irlanda
43%
Estônia
40%
Filipinas
33%
Letónia
25%
Síria
25%
Geórgia
20%
Emirados Árabes Unidos
17%
Albânia
0%
Jordânia
0%

Distribuição das Pontuações

Percentil de Números Respondidos

Porcentagem de Pessoas com Cada Pontuação

Sua Pontuação Histórica

Você não jogou esse quiz